Vigor di vita (Record no. 132661)

MARC details
000 -LEADER
campo de control de longitud fija 00595nam a2200193 4500
001 - NÚMERO DE CONTROL
campo de control 132661
003 - IDENTIFICADOR DE NÚMERO DE CONTROL
campo de control ES-MaACL
005 - FECHA Y HORA DE LA ÚLTIMA TRANSACCIÓN
campo de control 20230906194225.0
007 - CAMPO FIJO DE DESCRIPCIÓN FÍSICA--INFORMACIÓN GENERAL
campo de control de longitud fija t|
008 - DATOS DE LONGITUD FIJA--INFORMACIÓN GENERAL
campo de control de longitud fija 070214s1905 it r ||||1| ita d
100 1# - ENTRADA PRINCIPAL--NOMBRE DE PERSONA
Nombre de persona Roosevelt, Theodore.
9 (RLIN) 99531
245 10 - MENCIÓN DEL TÍTULO
Título Vigor di vita
Resto del título : = (The strenuous life) /
Mención de responsabilidad, etc. Th. Roosevelt ; traduzione di Hilda di Malgra.
260 ## - PUBLICACIÓN, DISTRIBUCIÓN, ETC.
Lugar de publicación, distribución, etc. Milano :
Nombre del editor, distribuidor, etc. Fratelli Treves,
Fecha de publicación, distribución, etc. 1905.
300 ## - DESCRIPCIÓN FÍSICA
Extensión 350 p. ;
Dimensiones 19 x 12 cm.
500 ## - NOTA GENERAL
Nota general Tit. orig.: The strenuous life.
700 1# - ENTRADA AGREGADA--NOMBRE PERSONAL
Nombre de persona Di Malgra, Hilda.
9 (RLIN) 44079
740 0# - ENTRADA AGREGADA--TÍTULO RELACIONADO/ANALÍTICO NO CONTROLADO
Título relacionado o analítico no controlado The strenuous life.
852 ## - LOCALIZACIÓN
Ubicación ES-MaACL
Número de control de estantería F-9762
Holdings
Estatus retirado Estado de pérdida Estado de daño No para préstamo Biblioteca de origen Biblioteca actual Ubicación en estantería Fecha de adquisición Fuente de adquisición Total de préstamos Signatura topográfica completa Código de barras Visto por última vez Precio de reemplazo Tipo de ítem Koha
        Biblioteca del Ateneo de Madrid Biblioteca del Ateneo de Madrid Sala Pecera Planta 2 17/01/2008     F-9762 1138112 23/02/2023 23/02/2023 Libro impreso